=LDR 00000nam 2200000 4500 =001 INLIS000000000003678 =005 20140328172916.0 =006 =007 =008 Ind =035 ##$$a 0010-061300000003678 =041 ##$$a Ind =082 ##$$a 526.9 =090 ##$$a 526.9, Abd s =100 ##$$a Abdullah, Tatat Sutarman =245 ##$$a Survai tanah dan evaluasi lahan, Tatat Sutarman Abdullah =260 ##$$a Penebar Swadaya6c1992 $b Jakarta =300 ##$$a xiv, 274 hlm., ilus., 21 cm =650 ##$$a Pengukuran tanah =850 ##$$a NBPNMAT